Obálka Náhled e-knihy:
PDF Epub
Pro půjčování e-knih musíte být přihlášeni.
Jak si půjčit online?

Za zavřenými dveřmi /

Grace má zajímavou práci, stará se o svou sestru s Downovým syndromem a žije obyčejným životem. Pak pozná okouzlujícího Jacka, bohatého právníka, dokonalého muže plného pochopení pro ni i její sestru. Po krátké známosti se za něj provdá a společně se přestěhují na venkov. Pro své okolí představují i...

Celý popis

Uloženo v:
Hlavní autor: Paris, B. A. (Autor)
Další autoři: Medková, Karolina (Autor)
Médium: E-kniha
Jazyk:Czech
Vydáno: Praha : Motto, 2017
Vydání:Vydání první
Edice:Thriller (Motto)
Témata:
Tagy:
Žádné tagy
LEADER 02424nam a2200481 i 4500
001 310807
003 CZ PrSKC
005 20260601215655.0
007 ta
008 170602s2017 xr g 000 f cze
015 |a cnb002901065 
020 |a 9788026708780  |q (vázáno) 
035 |a (OCoLC)993645512 
040 |a OLA001  |b cze  |d ABA001  |e rda 
041 1 |a cze  |h eng 
072 7 |a 821.111-3  |x Anglická próza, anglicky psaná  |2 Konspekt 
080 |a 821.111-31  |2 MRF 
080 |a (0:82-312.4)  |2 MRF 
100 1 |a Paris, B. A.  |7 ola2017954767  |4 aut 
240 1 0 |a Behind closed doors.  |l Česky 
245 1 0 |a Za zavřenými dveřmi /  |c B.A. Paris ; přeložila Karolina Medková 
250 |a Vydání první 
264 1 |a Praha :  |b Motto,  |c 2017 
300 |a 263 stran ;  |c 21 cm 
336 |a text  |b txt  |2 rdacontent 
337 |a bez média  |b n  |2 rdamedia 
338 |a svazek  |b nc  |2 rdacarrier 
490 1 |a Thriller 
500 |a Přeloženo z angličtiny 
520 2 |a Grace má zajímavou práci, stará se o svou sestru s Downovým syndromem a žije obyčejným životem. Pak pozná okouzlujícího Jacka, bohatého právníka, dokonalého muže plného pochopení pro ni i její sestru. Po krátké známosti se za něj provdá a společně se přestěhují na venkov. Pro své okolí představují ideální pár, stále zamilovaný, stále nerozlučný. Ale zdá se, že právě v tom je problém - Grace se nikdy nesejde se svými přítelkyněmi, pokud s ní není i Jack, nikdy nezvedá telefon... 
520 2 |a Psychologický thriller o zdánlivě dokonalém manželství, ze kterého je tak těžké utéci... 
655 7 |a anglické romány  |7 fd131814  |2 czenas 
655 7 |a thrillery (romány)  |7 fd184206  |2 czenas 
655 9 |a English fiction  |2 eczenas 
655 9 |a thrillers (novels)  |2 eczenas 
700 1 |a Medková, Karolina  |7 xx0126769  |4 trl 
830 0 |a Thriller (Motto) 
900 |a ABA001  |b 20 
928 9 |a Albatros Media - Motto 
044 |a xr 
910 |a RBIT002 
998 |d 174019  |a https://core.palmknihy.cz/api/books/174019/cover?p61uig  |b https://core.palmknihy.cz/api/books/174019/cover/400?bq1tlg  |c https://core.palmknihy.cz/api/books/174019/cover/50?awi9xs  |e 2027-02-27  |g 264  |i 9788026708780  |j https://core.palmknihy.cz/api/books/174019/preview.epub  |k https://core.palmknihy.cz/api/books/174019/preview.pdf  |l   |q 49  |r 1  |s https://www.palmknihy.cz/kniha/174019  |t ebook  |y 2017  |z 0 
999 |d 310805